LEADER 00820nam0 2200277 450 001 000004619 005 20080718105806.0 010 $a88-386-3431-9 100 $a20030407d2002----km-y0itay50------ba 101 1 $aita 102 $aIT 200 1 $aComunicazioni wireless 3G$fClint Smith, Daniel Collins 210 $aMilano [etc.]$cMcGraw-Hill$d2002c 215 $aXIV, 394 p.$d24 cm 225 2 $aTelecomunicazioni 410 0$12001$aTelecomunicazioni 454 1$12001$a3G wireless networks$938384 610 1 $aTelecomunicazioni 676 $a621.38(456) 700 1$aSmith,$bClint$0472198 701 1$aCollins,$bDaniel$0556394 801 0$aIT$bUNIPARTHENOPE$gRICA$2UNIMARC 912 $a000004619 951 $cPIST$aP1 621-C/22$b35781$d20030407 996 $a3G wireless networks$938384 997 $aUNIPARTHENOPE LEADER 01791nam 22005773a 450 001 9910220018503321 005 20250203235437.0 010 $a9783038424246 010 $a3038424242 024 8 $a10.3390/books978-3-03842-425-3 035 $a(CKB)3800000000216532 035 $a(oapen)https://directory.doabooks.org/handle/20.500.12854/45106 035 $a(ScCtBLL)0de4a773-1f19-4b8a-8bab-32cb2c1d6687 035 $a(OCoLC)1096792283 035 $a(oapen)doab45106 035 $a(EXLCZ)993800000000216532 100 $a20250203i20172019 uu 101 0 $aeng 135 $aurmn|---annan 181 $ctxt$2rdacontent 182 $cc$2rdamedia 183 $acr$2rdacarrier 200 00$aDifferential Geometrical Theory of Statistics$fFrédéric Barbaresco, Frank Nielsen 210 $cMDPI - Multidisciplinary Digital Publishing Institute$d2017 210 1$aBasel, Switzerland :$cMDPI,$d2017. 215 $a1 electronic resource (XIV, 458 p.) 311 08$a9783038424253 311 08$a3038424250 330 $aDifferential Geometrical Theory of Statistics 606 $aPhysics$2bicssc 610 $aHessian Geometry 610 $aShape Space 610 $aComputational Information Geometry 610 $aStatistical physics 610 $aEntropy 610 $aCohomology 610 $aInformation geometry 610 $aThermodynamics 610 $aCoding Theory 610 $aInformation topology 610 $aMaximum entropy 610 $aDivergence Geometry 615 7$aPhysics 700 $aBarbaresco$b Frédéric$01787721 702 $aNielsen$b Frank 801 0$bScCtBLL 801 1$bScCtBLL 906 $aBOOK 912 $a9910220018503321 996 $aDifferential Geometrical Theory of Statistics$94321335 997 $aUNINA